Addressing Forced Displacement through Development Planning and Co-operation Guidance for Donor Policy Makers and Practitioners

Guardado en:
Detalles Bibliográficos
Formato: Libro
Lenguaje:inglés
Publicado: Paris OECD 2017
Colección:OECD Development Policy Tools
Materias:
Etiquetas: Agregar Etiqueta
Sin Etiquetas, Sea el primero en etiquetar este registro!

MARC

LEADER 00000nam a2200000 4500
001 0242743
005 20240221115857.6
020 |a 978-92-64-28558-3 
041 0 |a eng 
044 |a FR 
245 1 0 |a Addressing Forced Displacement through Development Planning and Co-operation  |b Guidance for Donor Policy Makers and Practitioners 
264 1 |a Paris  |b OECD  |c 2017 
300 |a 99 s. 
490 1 |a OECD Development Policy Tools 
830 0 |a OECD Development Policy Tools 
610 2 0 |a migrácia 
610 2 0 |a cudzinci 
610 2 0 |a utečenci 
610 2 0 |a dôsledky sociálne 
610 2 0 |a spolupráca medzinárodná 
610 2 0 |a pomoc humanitárna 
610 2 0 |a dary 
610 2 0 |a plán perspektívny 
610 2 0 |a koordinácia 
610 2 0 |a konflikty 
610 2 0 |a prevencia 
610 2 0 |a politika rozvojová